BGMEA University of Fashion and Technology
University Library

Music! (Record no. 2944)

MARC details
000 -LEADER
fixed length control field 00455nam a22001697a 4500
001 - CONTROL NUMBER
control field 2944
003 - CONTROL NUMBER IDENTIFIER
control field BD-DhBUF
005 - DATE AND TIME OF LATEST TRANSACTION
control field 20260107122959.0
008 - FIXED-LENGTH DATA ELEMENTS--GENERAL INFORMATION
fixed length control field 260107b bg ||||| |||| 00| 0 ben d
020 ## - INTERNATIONAL STANDARD BOOK NUMBER
International Standard Book Number 0026421216
040 ## - CATALOGING SOURCE
Original cataloging agency BD-DhBUF
Transcribing agency BD-DhBUF
100 ## - MAIN ENTRY--PERSONAL NAME
Personal name Fowler, Charles
9 (RLIN) 4279
245 ## - TITLE STATEMENT
Title Music!
Remainder of title its role and importance in our lives
Statement of responsibility, etc. Charles Fowler
260 ## - PUBLICATION, DISTRIBUTION, ETC.
Place of publication, distribution, etc. New Yowk :
Name of publisher, distributor, etc. McGraw-Hill
Date of publication, distribution, etc. 1994.
300 ## - PHYSICAL DESCRIPTION
Extent 572p. :
Dimensions 26cm. ;
942 ## - ADDED ENTRY ELEMENTS (KOHA)
Source of classification or shelving scheme Dewey Decimal Classification
Koha item type Books
Holdings
Withdrawn status Lost status Source of classification or shelving scheme Damaged status Not for loan Home library Current library Date acquired Total Checkouts Full call number Barcode Date last seen Copy number Price effective from Koha item type
    Dewey Decimal Classification     BUFT Library BUFT Library 10/31/2004   781.17 F7851m 1994 2004-0085 01/07/2026 C-1 01/07/2026 Books
    Dewey Decimal Classification     BUFT Library BUFT Library 06/28/2005   781.17 F7851m 1994 2005-0125 01/19/2026 C-2 01/07/2026 Books
Copyright © 2019-2023 | BUFT Library
BGMEA University of Fashion and Technology
Library Home | University Home
| Maintained by Library Team